[Event "GER CCM-E02-C email"]
[Site "GER email"]
[Date "2018.06.19"]
[Round "?"]
[White "Kjeldsen, Karsten"]
[Black "Lanin, Boris Aleksandrovic"]
[Result "1/2-1/2"]
[WhiteElo "2064"]
[BlackElo "2038"]
[PlyCount "152"]
[EventDate "2018.??.??"]
[EventType "tourn (corr)"]
[EventRounds "13"]
[EventCountry "GER"]
[SourceTitle "Corr 2022"]
[Source "ChessBase"]
[SourceDate "2021.10.24"]
[SourceVersion "1"]
[SourceVersionDate "2021.10.24"]
[SourceQuality "1"]

1. e4 e5 2. Nf3 Nc6 3. Bb5 a6 4. Ba4 Nf6 5. 0-0 Bc5 6. c3 b5 7. Bc2 d5 8. a4 dxe4 9. axb5 exf3 10. Qxf3 e4 11. Bxe4 Ne5 12. Qe2 0-0 13. d4 Bg4 14. Qc2 Nxe4 15. Qxe4 Nf3+ 16. gxf3 Bh3 17. Re1 Re8 18. Qxe8+ Qxe8 19. Rxe8+ Rxe8 20. Be3 Bd6 21. Nd2 axb5 22. Ne4 h6 23. Bxh6 gxh6 24. Nf6+ Kf8 25. Nxe8 Kxe8 26. Ra5 Bd7 27. b3 Bf4 28. c4 c6 29. Ra6 Ke7 30. Rb6 h5 31. cxb5 cxb5 32. h4 Bd2 33. Kf1 Bc3 34. d5 f6 35. Ke2 Bd4 36. Rb8 f5 37. f4 Bf6 38. Rb6 Bxh4 39. Rh6 Be8 40. Re6+ Kf7 41. Rh6 Bf6 42. Rxh5 Kg7 43. Rh3 Bf7 44. d6 Be6 45. Kd1 Bd7 46. Ke2 Bd4 47. Kd3 Bc5 48. Kc3 Be6 49. Rd3 b4+ 50. Kd2 Bd7 51. Rd5 Bxf2 52. Ke2 Bg1 53. Rd1 Bb6 54. Rd5 Kf6 55. Re5 Bd4 56. Re7 Bb5+ 57. Ke1 Bc6 58. Kd2 Bf2 59. Re5 Bd4 60. Re7 Bb6 61. Re5 Ba7 62. Ra5 Bb8 63. Ra6 Be4 64. Rb6 Ba7 65. Rxb4 Ke6 66. Ra4 Bc5 67. d7 Kxd7 68. Rc4 Kd6 69. b4 Bb6 70. Rc1 Kd5 71. Ke2 Kd4 72. Rc8 Bd3+ 73. Kf3 Ba6 74. Rf8 Bb7+ 75. Kg3 Be4 76. Kh4 Bc7 1/2-1/2